000 00911cab a2200241 4500
001 WB3146-03
008 090401t1995 xxu||||| |||| 00| 0 eng d
035 _a(Sirsi) u45637
041 _aeng
245 _aEnhancing the rent
260 _c1995
350 _a0
490 _aTimes
_v5 December 1995, 42(1)
520 _aIn "Ocean Accident and Guarantee Corporation v Next plc"; "Commercial Union Assurance Company plc v Next plc" ChD 23 November 1995, on appeal pursuant to the Arbitration Act 1979 s1(2) it was held that trade fixtures affixed to commercial premises by a tenant would not normally enhance the rent on a rent review.
650 _aARBITRATION ACT 1979 S1(2)
650 _aRENT REVIEWS
650 _aTENANTS IMPROVEMENTS
650 _aTRADE FIXTURES
690 _aARBITRATION-CASE LAW
690 _aLANDLORD AND TENANT-CASE LAW-RENT REVIEWS
942 _n0
948 _c04/03/1997
999 _c28896
_d28896